00749nam a22002297a 450000500170000001000110001702000210002803500110004903700160006004000120007608200110008810000310009924500450013026000360017527000110021130000200022265000320024265000250027494200200029999900190031995201810033820170124110114.0 a542624 c00.00a434864765 a542624 bCen Lib/Ret aDPLbEN aNbWHI aWhitney, Phyllis A.929648 aHunter's green /cby Phyllis A. Whitney bWilliam HeinemannaLondonc1968 bLondon a254p.c18cm(Hb) aEnglish literature 9112324 aEnglish novel914422 2ddccENhNmWHI c130610d130610 04104070aLbLd2015-07-10eCen Lib/Retg0.00l0oN WHIp542624r2015-07-10 00:00:00t1v0.00w2015-07-10yENzWritten off on approval by DLB (By Circulation); dtd 15-06-2023